Central Library OPAC University of Rajshahi

Elam, Media and Persia / (Record no. 63369)

MARC details
000 -LEADER
fixed length control field 00914nam a2200301 a 4500
001 - CONTROL NUMBER
control field 63369
003 - CONTROL NUMBER IDENTIFIER
rucl marc code BD-RjUL
005 - DATE AND TIME OF LATEST TRANSACTION
control field 20211209081206.0
008 - FIXED-LENGTH DATA ELEMENTS--GENERAL INFORMATION
fixed length control field 170130s1933 enkf 001 0 eng d
035 ## - SYSTEM CONTROL NUMBER
System control number (BD-RjUL)63498
System control number (OCoLC)2533731
040 ## - CATALOGING SOURCE
Original cataloging agency DLC
Transcribing agency NBuU
Modifying agency BD-RjUL
Language of cataloging eng
041 ## - LANGUAGE CODE
Language code of text/sound track or separate title eng
082 ## - DEWEY DECIMAL CLASSIFICATION NUMBER
Classification number 932
Author mark and year BOE 1933
100 1# - MAIN ENTRY--PERSONAL NAME
Personal name Boulton, William Henry,
Dates associated with a name 1869-
9 (RLIN) 188562
245 10 - TITLE STATEMENT
Title Elam, Media and Persia /
Statement of responsibility, etc. W. H. Boulton
260 ## - PUBLICATION, DISTRIBUTION, ETC. (IMPRINT)
Place of publication, distribution, etc. London :
Name of publisher, distributor, etc. S. Low, Marston,
Date of publication, distribution, etc. 1933
300 ## - PHYSICAL DESCRIPTION
Pagination ix, 182 p. :
Illustrations ill. ;
Size 19 cm.
490 1# - SERIES STATEMENT
Series statement His The ancient lands and Bible series.
Volume/sequential designation No. 5
500 ## - GENERAL NOTE
General note At head of title: W. H. Boulton.
General note Includes index .
650 #0 - SUBJECT ADDED ENTRY--TOPICAL TERM
Topical term or geographic name as entry element Jews
General subdivision History
Chronological subdivision To 70 A.D.
9 (RLIN) 188563
651 #0 - SUBJECT ADDED ENTRY--GEOGRAPHIC NAME
Geographic name Iran
General subdivision History.
9 (RLIN) 188564
Geographic name Media (Ancient kingdom)
General subdivision History.
9 (RLIN) 188565
Geographic name Elam
General subdivision History.
9 (RLIN) 188566
942 ## - ADDED ENTRY ELEMENTS (KOHA)
Source of classification or shelving scheme Dewey Decimal Classification
Koha item type Books
Holdings
Lost status Source of classification or shelving scheme Damaged status Not for loan Collection code Permanent Location Current Location Shelving location Date acquired Source of acquisition Cost, normal purchase price Total Checkouts Full call number Date last seen Copy number Koha item type
  Dewey Decimal Classification   Not For Loan Non-fiction Central Library, University of Rajshahi Central Library, University of Rajshahi Reading Room 10/06/1966 A. I. Quirishi 7.00   932 BOE 1933 30/01/2017 C-1 Books